000 01247nam a22002777a 4500
001 BD-DhSAU 8490
003 BD-DhSAU
005 20181224102343.0
008 150420b2010 bg ||||| m||| 000 0 eng d
040 _aBD-DhSAU
082 _222
_a....
_b....
100 _aAra, Shifat
_eRegistration # 003261
245 _aVariability correlation and path co-efficient analysis in segregating population of Brassica rapa obtained through intervarital crosses /
_bMS thesis
_cShifat Ara
260 _aSher-e-Bangla Agricultural Universities :
_bDepartment of Genetics and Plant Breeding,
_c2010.
300 _avii, 85p. ;
_c30 cm.
_bill. ;
500 _aMS thesis of Department of Genetics and Plant Breeding, Faculty of Agriculture, Sher-e-Bangla Agricultural University, Dhaka, Bangladesh
590 _aerfat
650 _aGenetics and Plant Breeding.
650 _aVariability correlation and path co-efficient analysis.
650 _aSegregating population
650 _aBrassica rapa obtained through intervarital crosses
700 _aBhuiyan, Md Shahidur Rashid
_eSuperviser
700 _aMahmud, Firoz
_eCo-superviser
856 _uhttp://archive.saulibrary.edu.bd:8080/xmlui/handle/123456789/817
942 _2ddc
_cTHESIS
999 _c8490
_d8490